Econometrics (Record no. 43464)

MARC details
000 -LEADER
fixed length control field 01228cam a2200313 i 4500
001 - CONTROL NUMBER
control field 22265074
005 - DATE AND TIME OF LATEST TRANSACTION
control field 20250328124437.0
008 - FIXED-LENGTH DATA ELEMENTS--GENERAL INFORMATION
fixed length control field 211006s2022 nju b 001 0 eng
010 ## - LIBRARY OF CONGRESS CONTROL NUMBER
LC control number 2021049283
020 ## - INTERNATIONAL STANDARD BOOK NUMBER
International Standard Book Number 9780691235899
020 ## - INTERNATIONAL STANDARD BOOK NUMBER
Canceled/invalid ISBN 9780691236155
042 ## - AUTHENTICATION CODE
Authentication code pcc
082 00 - DEWEY DECIMAL CLASSIFICATION NUMBER
Classification number 330.015195 HAN
100 1# - MAIN ENTRY--PERSONAL NAME
Author Hansen, Bruce E.,
245 10 - TITLE STATEMENT
Title Econometrics
260 ## - PUBLICATION, DISTRIBUTION, ETC.
Place New Jersey
Publisher Princeton
Publication Year 2022
300 ## - PHYSICAL DESCRIPTION
Extent xxxi, 1044 pages ;
Dimensions 26 cm
504 ## - BIBLIOGRAPHY, ETC. NOTE
Bibliography, etc. note Includes bibliographical references (pages 1021-1031) and index.
520 ## - SUMMARY, ETC.
Summary, etc. "An introductory PhD-level textbook for one of the first and most foundational courses every economics graduate student must take"--
650 #0 - SUBJECT ADDED ENTRY--TOPICAL TERM
Subject Econometrics
942 ## - ADDED ENTRY ELEMENTS (KOHA)
Koha item type Books
264 #1 - PRODUCTION, PUBLICATION, DISTRIBUTION, MANUFACTURE, AND COPYRIGHT NOTICE
Place of production, publication, distribution, manufacture Princeton :
Name of producer, publisher, distributor, manufacturer Princeton University Press,
Date of production, publication, distribution, manufacture, or copyright notice [2022]
336 ## - CONTENT TYPE
Content type term text
Content type code txt
Source rdacontent
337 ## - MEDIA TYPE
Media type term unmediated
Media type code n
Source rdamedia
338 ## - CARRIER TYPE
Carrier type term volume
Carrier type code nc
Source rdacarrier
776 08 - ADDITIONAL PHYSICAL FORM ENTRY
Relationship information Online version:
Main entry heading Hansen, Bruce E.
Title Econometrics
Place, publisher, and date of publication Princeton : Princeton University Press, 2022
International Standard Book Number 9780691236155
Record control number (DLC) 2021049284
906 ## - LOCAL DATA ELEMENT F, LDF (RLIN)
a 7
b cbc
c orignew
d 1
e ecip
f 20
g y-gencatlg
Holdings
Withdrawn status Lost status Source of classification or shelving scheme Damaged status Not for loan Home library Current library Shelving location Accession Date Vendor Price Bill number Total Checkouts Full call number Barcode No Date last seen Discount Bill Date Koha item type Suggested By
    Dewey Decimal Classification     IMTN IMTN Rack 7-A 03/24/2025 Raghav Books Private Limited 9687.60 2374   330.015195 HAN 33754 03/28/2025 33 02/14/2025 Books Dr. Veena Pailwar
Designed & Maintained by: LRC IMT Nagpur Contact: lrc@imtnag.ac.in© 2024. All Rights Reserved.